[Event "SWE-chT 0102"]
[Site "?"]
[Date "2001.10.13"]
[Round "2"]
[White "Berg Klaus"]
[Black "Berg Emanuel"]
[Result "1/2-1/2"]
[WhiteElo "2401"]
[BlackElo "2500"]
[PlyCount "88"]
[EventDate "2001.??.??"]
[Source "www.chesslib.no"]
[SourceDate "2004.05.04"]

1. d4 e6 2. Nf3 Nf6 3. e3 c5 4. Bd3 Nc6 5. O-O d5 6. c3 Be7 7. Nbd2 O-O 8. Qe2 a6 9. Ne5 Nxe5 10. dxe5 Nd7 11. f4 b5 12. Rf3 g6 13. Rg3 f5 14. exf6 Rxf6 15. e4 c4 16. Bc2 e5 17. exd5 exf4 18. Rf3 Nc5 19. Ne4 Nxe4 20. Bxe4 Bc5+ 21. Kh1 Bg4 22. b3 Qd6 23. bxc4 Re8 24. h3 Bxf3 25. gxf3 Re5 26. cxb5 Rh5 27. Kh2 g5 28. Bf5 Rxf5 29. Qe8+ Kg7 30. Qxh5 Re5 31. h4 Qxd5 32. bxa6 Qc4 33. Ba3 Qe2+ 34. Kh1 Bxa3 35. a7 Qa6 36. Rg1 Qxa7 37. Rxg5+ Rxg5 38. Qxg5+ Kh8 39. Qxf4 Qe7 40. Qd4+ Kg8 41. Qd5+ Kf8 42. Qf5+ Kg7 43. Qg4+ Kf7 44. Qf5+ Kg7 1/2-1/2

[Event "New York Marshall"]
[Site "New York, NY USA"]
[Date "1995.??.??"]
[Round "1"]
[White "Sokolin, Leonid M"]
[Black "Young, Angelo"]
[Result "1-0"]
[WhiteElo "2465"]
[BlackElo "2435"]
[PlyCount "55"]
[EventDate "1995.??.??"]
[Source "www.chesslib.no"]
[SourceDate "2004.05.04"]

1. d4 e6 2. e3 Nf6 3. Nf3 c5 4. c4 d6 5. Nc3 a6 6. dxc5 dxc5 7. Qxd8+ Kxd8 8. e4 Nfd7 9. Bf4 Nc6 10. O-O-O f6 11. e5 g5 12. Be3 g4 13. Nd2 Ncxe5 14. Nde4 Ke8 15. Be2 Be7 16. h3 g3 17. fxg3 Nf7 18. Bh5 Rg8 19. Rhf1 f5 20. g4 Nf6 21. Nxf6+ Bxf6 22. gxf5 Bxc3 23. bxc3 Rxg2 24. Bxc5 Rxa2 25. Kb1 Ra5 26. Bb4 Rxf5 27. Rxf5 exf5 28. Re1+ 1-0